Business-to-Business Marketing : (Record no. 17309)
[ view plain ]
| 000 -LEADER | |
|---|---|
| fixed length control field | 00873nam a2200253 a 4500 |
| 001 - CONTROL NUMBER | |
| control field | 015651775 |
| 003 - CONTROL NUMBER IDENTIFIER | |
| control field | Uk |
| 005 - DATE AND TIME OF LATEST TRANSACTION | |
| control field | 20130219141729.0 |
| 008 - FIXED-LENGTH DATA ELEMENTS--GENERAL INFORMATION | |
| fixed length control field | 110131s2011 maua b 001 0 eng d |
| 020 ## - INTERNATIONAL STANDARD BOOK NUMBER | |
| International Standard Book Number | 9780132479059 (pbk.) : |
| 020 ## - INTERNATIONAL STANDARD BOOK NUMBER | |
| International Standard Book Number | 0132479052 (pbk.) : |
| 082 04 - DEWEY DECIMAL CLASSIFICATION NUMBER | |
| Classification number | 658.804 |
| Edition number | 22 |
| Item number | VIT |
| 100 1# - MAIN ENTRY--PERSONAL NAME | |
| Personal name | Vitale, Robert P. |
| 9 (RLIN) | 32660 |
| 245 10 - TITLE STATEMENT | |
| Title | Business-to-Business Marketing : |
| Remainder of title | Analysis and Practice / |
| Statement of responsibility, etc | Robert P. Vitale, Joseph Giglierano, Waldemar Pfoertsch. |
| 260 ## - PUBLICATION, DISTRIBUTION, ETC. (IMPRINT) | |
| Place of publication, distribution, etc | Boston, [Mass.] ; |
| -- | London : |
| Name of publisher, distributor, etc | Prentice Hall, |
| Date of publication, distribution, etc | c2011. |
| 300 ## - PHYSICAL DESCRIPTION | |
| Extent | xxxi, 512 p. : |
| Other physical details | ill. ; |
| Dimensions | 23 cm. |
| 500 ## - GENERAL NOTE | |
| General note | "International edition"--Cover. |
| 504 ## - BIBLIOGRAPHY, ETC. NOTE | |
| Bibliography, etc | Includes bibliographical references and index. |
| 650 #0 - SUBJECT ADDED ENTRY--TOPICAL TERM | |
| Topical term or geographic name as entry element | Industrial marketing. |
| 9 (RLIN) | 13415 |
| 653 ## - INDEX TERM--UNCONTROLLED | |
| Resource For college | |
| Arrived date list | February2013 |
| 700 1# - ADDED ENTRY--PERSONAL NAME | |
| Personal name | Giglierano, Joseph J. |
| 9 (RLIN) | 32661 |
| 700 1# - ADDED ENTRY--PERSONAL NAME | |
| Personal name | Pfoertsch, Waldemar. |
| 9 (RLIN) | 32662 |
| 942 ## - ADDED ENTRY ELEMENTS (KOHA) | |
| Source of classification or shelving scheme | Dewey Decimal Classification |
| Item type | Book - Borrowing |
| Withdrawn status | Item status | Source of classification or shelving scheme | Damaged status | Not for loan | Vendor | Home library | Current library | Shelving location | Date acquired | Source of acquisition | Total Checkouts | Total Renewals | Full call number | Barcode | Date last seen | Date last borrowed | Koha item type |
|---|---|---|---|---|---|---|---|---|---|---|---|---|---|---|---|---|---|
| Dewey Decimal Classification | Baccah | Central Library | Central Library | First floor | 19/02/2013 | 1 | 1 | 658.804 VIT | 000028322 | 15/07/2025 | 29/05/2014 | Book - Borrowing | |||||
| Dewey Decimal Classification | Baccah | Central Library | Central Library | First floor | 19/02/2013 | 3 | 9 | 658.804 VIT | 000028323 | 15/07/2025 | 14/05/2014 | Book - Borrowing | |||||
| Dewey Decimal Classification | Baccah | Central Library | Central Library | First floor | 19/02/2013 | 2 | 1 | 658.804 VIT | 000028324 | 15/07/2025 | 03/10/2015 | Book - Borrowing |